Engineering mathematics through applications

Tallennettuna:
Bibliografiset tiedot
Päätekijä: Singh, Kuldeep
Aineistotyyppi: Kirja
Kieli:Undetermined
Julkaistu: New York Palgrave MacMillan 2003
Aiheet:
Tagit: Lisää tagi
Ei tageja, Lisää ensimmäinen tagi!
Thư viện lưu trữ: Trung tâm Học liệu Trường Đại học Cần Thơ
LEADER 00519nam a2200193Ia 4500
001 CTU_100236
008 210402s9999 xx 000 0 und d
020 |c 775000 
082 |a 620.00151 
082 |b S617 
100 |a Singh, Kuldeep 
245 0 |a Engineering mathematics through applications 
245 0 |c Kuldeep Singh 
260 |a New York 
260 |b Palgrave MacMillan 
260 |c 2003 
650 |a Engineering mathematics 
904 |i Truc 
980 |a Trung tâm Học liệu Trường Đại học Cần Thơ